000 00505nam a2200205Ia 4500
003 GCL
008 140319s9999 xx 000 0 eng d
040 _aGCL /
_cGCL
082 0 4 _a709.014
_bL A
100 1 _aLAING, JENNIFER
245 1 0 _aART OF THE CELTS /
_cLAING, JENNIFER
700 1 _aLAING, LIAYD
260 _a[S.N] :
_bTHAMES AND HUDSON ،
_c1992
300 _a216
650 0 4 _aARTS, CELTS
650 0 4 _aARTS
650 0 4 _aHISTORY AND CRITICISM
650 0 4 _aPAINTING
942 _2ddc
_cBK
999 _c18774
_d18774